|
|
|
|
| LEADER |
00000nab a2200000 a 4500 |
| 001 |
vtls000858840 |
| 003 |
SK-MaSNL |
| 005 |
20260304121142.0 |
| 008 |
140301c2003 xo 0 slo |
| 015 |
|
|
|a SNBRB2004/01-01305
|
| 035 |
|
|
|a CLN000210485
|
| 040 |
|
|
|a SNKBUCL
|b slo
|c SNKBUCL
|e AACR2
|
| 041 |
0 |
|
|a slo
|
| 044 |
|
|
|a xo
|c SK
|
| 080 |
|
|
|a 711.523(436):711.432
|2 1997
|
| 245 |
0 |
0 |
|a Stanovisko Rakúskeho národného komitétu ICOMOS
|n preložila Magdaléna Kvasnicová
|
| 650 |
0 |
7 |
|a mestské historické centrá
|2 snkbucl
|9 2937
|
| 650 |
0 |
7 |
|a urbanizmus
|2 snkbucl
|9 2925
|
| 650 |
0 |
7 |
|a architektúra
|2 snkbucl
|9 722
|
| 651 |
|
7 |
|a Viedeň (Rakúsko)
|2 snkbucl
|
| 655 |
|
7 |
|a články z novín a časopisov
|2 snkbucl
|9 267496
|
| 700 |
1 |
|
|a Kvasnicová, Magdaléna,
|d 1957-
|4 aut
|9 224476
|
| 773 |
0 |
|
|t Projekt
|g Roč. 45, č. 5 (2003), s. 51
|x 1335-2180
|
| 850 |
|
|
|a Slovenská národná knižnica v Martine
|
| 852 |
|
|
|a SNK
|b KIS3GCP
|
| 958 |
|
|
|a AT
|
| 992 |
|
|
|a RBX
|
| 999 |
|
|
|c 2883621
|d 2885551
|